<?xml version="1.0" encoding="UTF-8"?><?xml-stylesheet type="text/xsl" href="static/style.xsl"?><OAI-PMH xmlns="http://www.openarchives.org/OAI/2.0/" xmlns:xsi="http://www.w3.org/2001/XMLSchema-instance" xsi:schemaLocation="http://www.openarchives.org/OAI/2.0/ http://www.openarchives.org/OAI/2.0/OAI-PMH.xsd"><responseDate>2026-04-17T16:16:33Z</responseDate><request verb="GetRecord" identifier="oai:www.recercat.cat:2072/485383" metadataPrefix="marc">https://recercat.cat/oai/request</request><GetRecord><record><header><identifier>oai:recercat.cat:2072/485383</identifier><datestamp>2025-10-27T13:36:30Z</datestamp><setSpec>com_2072_98</setSpec><setSpec>col_2072_378192</setSpec></header><metadata><record xmlns="http://www.loc.gov/MARC21/slim" xmlns:dcterms="http://purl.org/dc/terms/" xmlns:xsi="http://www.w3.org/2001/XMLSchema-instance" xmlns:doc="http://www.lyncode.com/xoai" xsi:schemaLocation="http://www.loc.gov/MARC21/slim http://www.loc.gov/standards/marcxml/schema/MARC21slim.xsd">
   <leader>00925njm 22002777a 4500</leader>
   <datafield ind2=" " ind1=" " tag="042">
      <subfield code="a">dc</subfield>
   </datafield>
   <datafield ind2=" " ind1=" " tag="720">
      <subfield code="a">Pesqué, David</subfield>
      <subfield code="e">author</subfield>
   </datafield>
   <datafield ind2=" " ind1=" " tag="720">
      <subfield code="a">Andrades, Evelyn</subfield>
      <subfield code="e">author</subfield>
   </datafield>
   <datafield ind2=" " ind1=" " tag="720">
      <subfield code="a">Berenguer-Molins, Pau</subfield>
      <subfield code="e">author</subfield>
   </datafield>
   <datafield ind2=" " ind1=" " tag="720">
      <subfield code="a">Perera-Bel, Júlia</subfield>
      <subfield code="e">author</subfield>
   </datafield>
   <datafield ind2=" " ind1=" " tag="720">
      <subfield code="a">Clarós, Miquel</subfield>
      <subfield code="e">author</subfield>
   </datafield>
   <datafield ind2=" " ind1=" " tag="720">
      <subfield code="a">Bódalo-Torruella, Marta</subfield>
      <subfield code="e">author</subfield>
   </datafield>
   <datafield ind2=" " ind1=" " tag="720">
      <subfield code="a">Gonzàlez-Farré, Mònica</subfield>
      <subfield code="e">author</subfield>
   </datafield>
   <datafield ind2=" " ind1=" " tag="720">
      <subfield code="a">Gallardo, Fernando</subfield>
      <subfield code="e">author</subfield>
   </datafield>
   <datafield ind2=" " ind1=" " tag="720">
      <subfield code="a">Pujol Vallverdú, Ramón M.</subfield>
      <subfield code="e">author</subfield>
   </datafield>
   <datafield ind2=" " ind1=" " tag="720">
      <subfield code="a">Giménez-Arnau, Ana M</subfield>
      <subfield code="e">author</subfield>
   </datafield>
   <datafield ind2=" " ind1=" " tag="260">
      <subfield code="c">2025</subfield>
   </datafield>
   <datafield ind2=" " ind1=" " tag="520">
      <subfield code="a">Altres ajuts: acords transformatius de la UAB</subfield>
   </datafield>
   <datafield ind2=" " ind1=" " tag="520">
      <subfield code="a">Altres ajuts: LEO Foundation (LF-OC-23-001209)</subfield>
   </datafield>
   <datafield ind2=" " ind1=" " tag="520">
      <subfield code="a">Background: Immune mechanisms underlying elicitation in allergic contact dermatitis (ACD) have yet to be fully elucidated. Previous studies have shown a double-faceted nature of ACD with both common biomarkers among different allergens and allergen73 specific imprinting, albeit with discordance in terms of relevant pathways involved. Several factors, including co-existing atopic dermatitis, may influence immune reactions. We aim to characterize molecular signatures and their immune mechanisms of different relevant allergens (nickel, 2-hydroxyethylmethacrylate [2-HEMA], methylisothiazolinone [MIT], formaldehyde) in strong and extreme positive (2/3+) patch test reactions of patients without atopic dermatitis. Methods: A transcriptomic analysis of 40 skin biopsies of ACD reactions (11 nickel, 10 MIT, 10 2-HEMA, 9 formaldehyde) and 19 controls (petrolatum-occluded skin) was performed using RNA sequencing. Differentially-expressed genes (DEG) were assessed and enriched functional pathways were obtained with an over-representation analysis for allergens. Results: ACD molecular profiling revealed a strong, common imprinting of DEG among allergens versus controls (n=814), with further partially-shared DEG among allergens (n=664) and allergen-specific DEG (n=430). The most relevant shared pathways were associated with immune adaptive and innate responses. All allergens exhibited mixed effector immune responses, mainly type 1 and 3 immunity, and, to a lesser extent, type 2 immunity. Furthermore, partially-shared and unique DEG were associated with further inflammatory pathways, particularly for nickel and 2-HEMA. Conclusions: This study confirms shared ACD imprinting among different allergens and shared pathways' predominant role in ACD elicitation in patients without atopic dermatitis, alongside allergen-specific immune processes and mixed effector responses (type 1, 3 and 2).</subfield>
   </datafield>
   <datafield tag="653" ind2=" " ind1=" ">
      <subfield code="a">Contact dermatitis</subfield>
   </datafield>
   <datafield tag="653" ind2=" " ind1=" ">
      <subfield code="a">Allergic</subfield>
   </datafield>
   <datafield tag="653" ind2=" " ind1=" ">
      <subfield code="a">Transcriptomic</subfield>
   </datafield>
   <datafield tag="653" ind2=" " ind1=" ">
      <subfield code="a">Immune</subfield>
   </datafield>
   <datafield tag="653" ind2=" " ind1=" ">
      <subfield code="a">Patch test</subfield>
   </datafield>
   <datafield ind2="0" ind1="0" tag="245">
      <subfield code="a">Transcriptomic analysis of allergic patch test reactions in non-atopic patients: a comparative study across multiple allergens</subfield>
   </datafield>
</record></metadata></record></GetRecord></OAI-PMH>